LEADER 01197nam0 2200325 450 001 000030459 005 20120315083730.0 010 $a978-88-7488-320-2$dEUR45.00 100 $a20120315d2009----km-y0itaa50------ba 101 0 $aita 102 $aIT 200 1 $aAnalisi farmaceutica$emetodi di riconoscimento e di separazione$fV. Cavrini, V. Andrisano$gcon la collaborazione di G. Aldini ... [et al.] 205 $a2. ed 210 $aBologna$cEsculapio$d2009 215 $aXIII, 524 p.$cill.$d24 cm. 606 1 $aFarmaci$bAnalisi 606 2 $aChimica farmaceutica$xAnalisi 676 $a615.1901$v(22. ed.)$9Farmaci (Materia medica). Analisi chimica 700 1$aCavrini,$bVanni$0422064 701 1$aAndrisano,$bVincenza$0291079 702 1$aAldini,$bGiancarlo 801 0$aIT$bUniversità della Basilicata - B.I.A.$gRICA$2unimarc 912 $a000030459 996 $aAnalisi farmaceutica$993689 997 $aUNIBAS BAS $aFARMACIA CAT $aLCR$b01$c20120125$lBAS01$h1110 CAT $aTTM$b30$c20120315$lBAS01$h0837 FMT Z30 -1$lBAS01$LBAS01$mBOOK$1BASA2$APolo Tecnico-Scientifico$2DID$BDidattica$3PTS.s4.p47.15$6110502$5T110502$820120229$f98$FConsultazione LEADER 00955nam0-2200289 --450 001 9910429959403321 005 20210118121735.0 010 $a9782811102814 100 $a20210118d2009----kmuy0itay5050 ba 101 0 $afre 102 $aFR 105 $a 001yy 200 1 $aVisionnaires et prophètes de l'Afrique contemporaine$fAndré Mary 210 $aParis$cKarthala$d2009 215 $a249 p.$cill.$d22 cm 225 1 $aReligions contemporaines$x1778-3453 300 $aTitolo in copert.: Visionnaires et prophètes de l'Afrique contemporaine : traditions initiatique, culture de la transe et charisme de délivrance 676 $a299.6 676 $a291.61 700 1$aMary,$bAndré$0393848 801 0$aIT$bUNINA$gREICAT$2UNIMARC 901 $aBK 912 $a9910429959403321 952 $a299.6 MAR 1$b2020/2156$fFLFBC 959 $aFLFBC 996 $aVisionnaires et prophètes de l'Afrique contemporaine$91764507 997 $aUNINA